Skip to content
VuFind
Login
All Fields
Title
Author
Subject
Call Number
ISBN/ISSN
Tag
Find
Advanced
Palinku maalikai
Cite this
Text this
Email this
Print
Export Record
Export to RefWorks
Export to EndNoteWeb
Export to EndNote
Export to MARC
Export to BibTeX
Export to RIS
Save to List
Permanent link
Palinku maalikai
Saved in:
Bibliographic Details
Main Author:
Mukilvannan
Format:
Book
Published:
Kalmunai
Kanmani Pirasuram
2013
Subjects:
siruvar nool
Tags:
Add Tag
No Tags, Be the first to tag this record!
Holdings
Description
Comments
Similar Items
Staff View
MARC
LEADER
00000nam a2200000 a 4500
020
|a
9789555401142
082
|a
894.8113
100
|a
Mukilvannan
245
|a
Palinku maalikai
260
|a
Kalmunai
|b
Kanmani Pirasuram
|c
2013
300
|a
80p, ; 24cm.
653
|a
siruvar nool
942
|c
AFW
999
|c
151905
|d
151905
Similar Items
Malaiyuchchi maalikai
by: Perera, Tennyson
Published: (2010)
Kirigarunda ahasa yata
by: Shor, John
Published: (2013)
Kirihami
by: Weththasingha, Sibil
Published: (2013)
Kirihami
by: Weththasingha, Sibil
Published: (2013)
Kirihami
by: Ranasingha,Thusitha
Published: (2013)